000 00296nam a22001217a 4500
008 180730b xxu||||| |||| 00| 0 eng d
082 _a813.52
245 _aMicrosoft Office Home and Student 2007
_cMicrosoft
260 _c2007
300 _a1
_fCD
440 _x00136921033239
942 _2ddc
_cMX
999 _c46685
_d46685